00237nam a2200097Ia 4500008004100000100001800041245003500059260002900094300000800123650000800131191201s2008 xx 000 0 und d aNIDHI, Mishra 0aManagement Information Systems aN. DelhibGalgotiac2008 a219 aMBA